Undang-Undang Kesalahan Terhadap Diri : Aspek-Aspek Yang Terpilih

Bibliographic Details
Main Author: Abd.Aziz Hussin
Format: Book
Published: Selangor : Dewan Bahasa & Pustaka , 1990
Subjects:
Law

MARC

LEADER 00000cam a2200000 7i4500
001 0000097601
005 20120801.0
008 100526 bm
020 |a 9836211489 
090 0 0 |a 345.01 ABD 
100 1 |a Abd.Aziz Hussin 
245 1 0 |a Undang-Undang Kesalahan Terhadap Diri :   |b Aspek-Aspek Yang Terpilih   |c Abd.Aziz Hussin 
260 |a Selangor :   |b Dewan Bahasa & Pustaka ,   |c 1990 
300 |a 134p :   |b ill ;   |c 21cm. 
650 0 0 |a Law 
999 |a 0000132480   |b Buku   |c Rak Terbuka   |e Perpustakaan Cawangan Masjid Tanah